Tokubetsu kōtō keisatsu shiryō; Shōwa 3-nen 9-gatsu - Shōwa 5-nen 2-gatsu [1928-1930].

Saved in:
书目详细资料
Corporate Authors: Japan. Naimushō. Keihokyoku., Shakai Mondai Shiryō Kenkyōkai (Kyoto, Japan)
格式: 图书
语言:Japanese
出版: Kyōto, Tōyō Bunkasha, 1973-1974.
丛编:Shakai mondai shiryō sōsho ; dai 3-shū.
主题:
标签: 添加标签
没有标签, 成为第一个标记此记录!
LEADER 02392nam a2200457 4500
001 007741357-1
005 20024617120653.0
008 910404m19731974ja 000 0 jpn
010 |a 74824560 /J 
035 0 |a ocm23376095 
040 |a DLC  |c WaU  |d *YNH*  |d CStRLIN 
050 0 |a HX411  |b .T64 
245 0 0 |6 880-01  |a Tokubetsu kōtō keisatsu shiryō;  |b Shōwa 3-nen 9-gatsu - Shōwa 5-nen 2-gatsu [1928-1930]. 
260 |6 880-02  |a Kyōto,  |b Tōyō Bunkasha,  |c 1973-1974. 
300 |a 5 v.  |c 22 cm. 
490 1 |6 880-03  |a Shakai mondai shiryō sōsho ;  |v dai 3-shū 
500 |6 880-04  |a Photoreproduction with new material added, of a monthly (irregular) periodical issued by Naimushō Keihokyoku. 
500 |6 880-05  |a At head of title of original t.p.: Genpi. 
500 |6 880-06  |a Issues Shōwa 3-nen 9-gatsu - 4-nen 7-gatsu [1928-1929] called dai 1-2-shū, dai 4-gō, Shōwa 4-nen 12-gatsu - 5-nen 2-gatsu [1929-1930] called dai 9-11-gō. 
500 |6 880-07  |a Reproduction prepared by Shakai Mondai Shiryō Kenkyōkai. 
500 |6 880-08  |a Superseded by Tokkō geppō issued by the same bureau. 
500 |6 880-09  |a Gentei 500-bu. 
650 0 |a Socialism  |z Japan. 
650 0 |a Working class  |x Political activity  |z Japan. 
710 1 |6 880-10  |a Japan.  |b Naimushō.  |b Keihokyoku. 
710 2 |6 880-11  |a Shakai Mondai Shiryō Kenkyōkai (Kyoto, Japan) 
880 0 0 |6 245-01  |a 特別高等警察資料;  |b 昭和3年9月-昭和5年2月[1928-1930]. 
880 |6 260-02  |a 京都,  |b 東洋文化社,  |c 1973-1974. 
880 1 |6 490-03  |a 社会問題資料叢書 ;  |v 第3輯 
880 |6 500-04  |a Photoreproduction with new material added, of a monthly (irregular) periodical issued by 內務省警保局. 
880 |6 500-05  |a At head of title of original t.p.: 巌秘. 
880 |6 500-06  |a Issues 昭和3年9月-4年7月 [1928-1929] called 第1-2輯, 第4号, 昭和4年12月-5年2月 [1929-1930] called 第9-11号. 
880 |6 500-07  |a Reproduction prepared by 社会問題資料研究会. 
880 |6 500-08  |a Superseded by 特高月報 issued by the same bureau. 
880 |6 500-09  |a 限定500部. 
880 1 |6 710-10  |a Japan.  |b 內務省.  |b 警保局. 
880 2 |6 710-11  |a 社会問題資料研究会 (Kyoto, Japan) 
830 0 |6 880-53  |a Shakai mondai shiryō sōsho ;  |v dai 3-shū. 
880 0 |6 830-53  |a 社会問題資料叢書 ;  |v 第3輯. 
988 |a 20021214 
906 |0 DLC